000 00250nam a2200097Ia 4500
001 717419
005 20250826163003.0
008 250824s9999 xx 000 0 und d
245 0 _aTAM NAMAZ HOCASI
_cMUHAMMED VEHBİ DERELİ
260 _bKARATAY YAYINLARI
999 _c717419
_d717419